Mi-pi ha-ḥamor ṿa-ḥaveraṿ. (Record no. 32894)

MARC details
000 -LEADER
fixed length control field 00631cam a22002291 4500
001 - CONTROL NUMBER
control field he 68000335
003 - CONTROL NUMBER IDENTIFIER
control field DLC
005 - DATE AND TIME OF LATEST TRANSACTION
control field 20260227111453.0
008 - FIXED-LENGTH DATA ELEMENTS--GENERAL INFORMATION
fixed length control field 840307s1967 is a j 000 0 heb
010 ## - LIBRARY OF CONGRESS CONTROL NUMBER
LC control number he 68000335
035 ## - SYSTEM CONTROL NUMBER
System control number (OCoLC)19152483
040 ## - CATALOGING SOURCE
Original cataloging agency DLC
Transcribing agency MH
Modifying agency CU
-- DLC
042 ## - AUTHENTICATION CODE
Authentication code premarc
050 00 - LIBRARY OF CONGRESS CALL NUMBER
Classification number BS558.H4
Item number L3
100 1# - MAIN ENTRY--PERSONAL NAME
Personal name Lorens, Rut,
Dates associated with a name 1903-
245 10 - TITLE STATEMENT
Title Mi-pi ha-ḥamor ṿa-ḥaveraṿ.
260 ## - PUBLICATION, DISTRIBUTION, ETC.
Place of publication, distribution, etc. [Tel Aviv] :
Name of publisher, distributor, etc. ʻAmudim,
Date of publication, distribution, etc. [1967]
300 ## - PHYSICAL DESCRIPTION
Extent 94 p. :
Other physical details ill. ;
Dimensions 25 cm.
490 0# - SERIES STATEMENT
Series statement Sidrat Rut le-sipure Tanakh
650 #0 - SUBJECT ADDED ENTRY--TOPICAL TERM
Topical term or geographic name entry element Bible stories, Hebrew
General subdivision Old Testament.
752 ## - ADDED ENTRY--HIERARCHICAL PLACE NAME
Country or larger entity Israel
City Tel Aviv

No items available.

Powered by Koha